| 000 | 00403ntaaa2200169 4500 | ||
|---|---|---|---|
| 003 | 01 | ||
| 005 | 20251027201940.0 | ||
| 008 | 0714s1973 ag 01 | ||
| 040 |
_aAR-BaBN _bspa _cAR-BaBN _eaacr _dRIC |
||
| 082 | _a245.5000 C74 | ||
| 245 | _aCristo me ama | ||
| 250 | _a1 ed. | ||
| 260 |
_aSt. Louis : _bConcordia Publishing House, _cn.f. |
||
| 300 | _a14 p. | ||
| 500 | _apoemas para niƱos | ||
| 942 | _cBK | ||
| 999 |
_c14210 _d14210 |
||